000 00333nam a2200121Ia 4500
008 230907s9999||||xx |||||||||||||| ||und||
082 _a891.4393
_bNAS
245 0 _aانسان اور دیوتا , Insan aur devta /
260 _aJahangir Book Depot.,
_bLahore :
_c2005
300 _a407 p.
650 _aUrdu Literature
942 _cBK
999 _c599717
_d599717